[Event "España tch 2010 Division de Honor Desc."]
[Site "Sestao ESP"]
[Date "2010.08.27"]
[Round "1.12"]
[White "Gonzalez Garcia, Jose"]
[Black "Vachier Lagrave, Maxime"]
[Result "0-1"]
[WhiteElo "2508"]
[BlackElo "2723"]
[PlyCount "100"]
[EventDate "2010.08.23"]
[EventType "team"]
[EventRounds "2"]
[EventCountry "ESP"]
[Source "lmi"]
[SourceDate "2010.08.27"]

1. d4 Nf6 2. c4 g6 3. Nc3 Bg7 4. e4 d6 5. Nf3 O-O 6. Be2 Na6 7. O-O e5 8. Re1
Qe8 9. Bf1 Bg4 10. dxe5 dxe5 11. h3 Bxf3 12. Qxf3 c6 13. Be3 Qe7 14. a3 Nc5 15.
b4 Nb3 16. Rab1 Nd4 17. Bxd4 exd4 18. Na4 Rfe8 19. Nc5 b6 20. e5 bxc5 21. exf6
Qxf6 22. Qxf6 Bxf6 23. Bd3 Rxe1+ 24. Rxe1 cxb4 25. axb4 a5 26. Ra1 a4 27. Ra3
Bg5 28. Bc2 d3 29. Bd1 d2 30. Rxa4 Re8 31. Ra1 Bf6 32. Rb1 Re1+ 33. Kh2 Bd4 34.
Kg3 Kf8 35. Kf3 Ke7 36. g3 Kd6 37. Kg2 Kc7 38. b5 cxb5 39. cxb5 Kb6 40. g4 g5
41. Rb4 Bc5 42. Rb1 h6 43. Kf3 f6 44. Kg2 Bd6 45. Kf3 Ba3 46. Ra1 Bb4 47. Kg2
Kxb5 48. Ba4+ Kc4 49. Rd1 Kc3 50. Kf3 Kb2 0-1

[Event "España tch 2010 Division de Honor Desc."]
[Site "Sestao ESP"]
[Date "2010.08.27"]
[Round "1.13"]
[White "Short, Nigel D"]
[Black "Fluvia Poyatos, Joan"]
[Result "1-0"]
[WhiteElo "2690"]
[BlackElo "2499"]
[PlyCount "117"]
[EventDate "2010.08.23"]
[EventType "team"]
[EventRounds "2"]
[EventCountry "ESP"]
[Source "lmi"]
[SourceDate "2010.08.27"]

1. e4 c5 2. Nf3 d6 3. d4 cxd4 4. Nxd4 Nf6 5. Nc3 Nc6 6. h3 e6 7. g4 a6 8. Bg2
Nd7 9. O-O Be7 10. f4 Nxd4 11. Qxd4 Qb6 12. Qxb6 Nxb6 13. a4 Nd7 14. a5 b6 15.
axb6 Rb8 16. Rd1 Rxb6 17. b3 Rc6 18. Bd2 h6 19. Ra2 g5 20. Ne2 gxf4 21. Nxf4
Ne5 22. Kf2 Bh4+ 23. Ke2 Bg5 24. c4 Ke7 25. Ra3 Bd7 26. Nd3 Nxd3 27. Kxd3 Bxd2
28. Rxd2 Rb6 29. Kc3 Rhb8 30. Rb2 Rc8 31. Ra5 e5 32. Rba2 Rcb8 33. R2a3 Bc8 34.
Bf3 Rc6 35. Be2 Rcb6 36. Bd3 Kf6 37. h4 Bxg4 38. Rxa6 Kg6 39. Rxb6 Rxb6 40. b4
Kh5 41. b5 Kxh4 42. Ra6 Rxa6 43. bxa6 Bc8 44. a7 Bb7 45. Kd2 Kg5 46. Ke3 h5 47.
c5 h4 48. Ba6 h3 49. Bxb7 h2 50. a8=Q h1=Q 51. Qd8+ Kg6 52. Qxd6+ f6 53. Kd2
Qb1 54. Qb6 Qa2+ 55. Kd3 Qa3+ 56. Kc4 Qa4+ 57. Qb4 Qc2+ 58. Kb5 Qd3+ 59. Qc4
1-0

[Event "España tch 2010 Division de Honor Desc."]
[Site "Sestao ESP"]
[Date "2010.08.27"]
[Round "1.14"]
[White "Vila Gazquez, Javier"]
[Black "Moiseenko, Alexander"]
[Result "0-1"]
[WhiteElo "2478"]
[BlackElo "2667"]
[PlyCount "80"]
[EventDate "2010.08.23"]
[EventType "team"]
[EventRounds "2"]
[EventCountry "ESP"]
[Source "lmi"]
[SourceDate "2010.08.27"]

1. d4 Nf6 2. Nf3 d5 3. g3 c6 4. Bg2 Bf5 5. O-O e6 6. Nh4 Bg4 7. Qd3 Nbd7 8. Nc3
Be7 9. h3 Bh5 10. g4 Bg6 11. Nxg6 hxg6 12. Bf4 O-O 13. Rad1 Qb6 14. Bc1 Rfd8
15. Qg3 c5 16. e3 Rac8 17. h4 cxd4 18. exd4 Bb4 19. g5 Nh5 20. Qd3 Bxc3 21.
bxc3 Qc7 22. Bd2 Nb6 23. Rb1 Nc4 24. Bc1 Rd6 25. Bf3 Ra6 26. Bxh5 gxh5 27. Qf3
g6 28. Bf4 Qc6 29. Ra1 Qa4 30. Rfb1 b6 31. Qd3 Qc6 32. Rb4 Ra3 33. Rb3 Ra4 34.
Rbb1 Nd6 35. Bxd6 Qxd6 36. Rb3 Qf4 37. Qh3 Qd2 38. Qd3 Qf4 39. Qh3 Qe4 40. Qe3
Qxc2 0-1

[Event "España tch 2010 Division de Honor Desc."]
[Site "Sestao ESP"]
[Date "2010.08.27"]
[Round "1.15"]
[White "Romero Holmes, Alfonso"]
[Black "Fluvia Poyatos, Jordi"]
[Result "1-0"]
[WhiteElo "2518"]
[BlackElo "2467"]
[PlyCount "113"]
[EventDate "2010.08.23"]
[EventType "team"]
[EventRounds "2"]
[EventCountry "ESP"]
[Source "lmi"]
[SourceDate "2010.08.27"]

1. c4 Nf6 2. Nc3 e5 3. d3 g6 4. Bg5 h6 5. Bh4 Bg7 6. e3 O-O 7. Nf3 Re8 8. Be2
c6 9. O-O d6 10. d4 e4 11. Nd2 g5 12. Bg3 Bf5 13. b4 h5 14. Bxh5 Nxh5 15. Qxh5
Bg6 16. Qe2 f5 17. f4 c5 18. Nb3 Nc6 19. Rad1 Nxb4 20. dxc5 Nd3 21. Nd5 dxc5
22. Nc1 Nb2 23. Rd2 Na4 24. fxg5 Qxg5 25. Nc7 Nc3 26. Qf2 Rac8 27. Nxe8 Rxe8
28. Ne2 b5 29. cxb5 Nxb5 30. Rd5 Rc8 31. Rc1 Qe7 32. a4 Na3 33. Bd6 Qd7 34. Nf4
Bf7 35. Rdxc5 Nc4 36. Rxc8+ Qxc8 37. Qe2 Qc6 38. Bb4 a5 39. Bxa5 Qxa4 40. Bd2
Qa2 41. Bc3 Qxe2 42. Nxe2 Bh6 43. Bd4 Bxe3+ 44. Bxe3 Nxe3 45. Nf4 Kg7 46. Rc6
Ng4 47. h3 Ne5 48. Rb6 Nc4 49. Ra6 Be8 50. g3 Bb5 51. Re6 Kf7 52. h4 Bd7 53.
Ra6 Bb5 54. Ra7+ Kf6 55. h5 Ne5 56. h6 Nf7 57. Rb7 1-0

[Event "España tch 2010 Division de Honor Desc."]
[Site "Sestao ESP"]
[Date "2010.08.27"]
[Round "1.16"]
[White "Mestre Bellido, Hector"]
[Black "Gomez Esteban, Juan Mario"]
[Result "1-0"]
[WhiteElo "2404"]
[BlackElo "2485"]
[PlyCount "89"]
[EventDate "2010.08.23"]
[EventType "team"]
[EventRounds "2"]
[EventCountry "ESP"]
[Source "lmi"]
[SourceDate "2010.08.27"]

1. e4 c6 2. d4 d5 3. exd5 cxd5 4. Bd3 Nf6 5. c3 Nc6 6. Bf4 g6 7. Nf3 Bg7 8. h3
Bf5 9. Bxf5 gxf5 10. Nbd2 e6 11. Ne5 Nxe5 12. Bxe5 Rg8 13. Qb3 Ne4 14. Bf4 Qd7
15. Nf3 f6 16. Rc1 Bf8 17. O-O Bd6 18. Bxd6 Nxd6 19. Rfe1 O-O-O 20. Re2 Kb8 21.
Ne1 Ne4 22. f3 Ng5 23. Kf1 Qd6 24. Nd3 Rg7 25. Rce1 Qh2 26. Rf2 Re7 27. Qb4
Rde8 28. Ke2 e5 29. Qd6+ Ka8 30. Kd1 Qg3 31. Rfe2 Ne6 32. dxe5 a6 33. Kc2 d4
34. cxd4 Rc7+ 35. Kb1 Rc6 36. Qb4 Nf4 37. Nxf4 Qxf4 38. Qd2 Qh4 39. d5 Rb6 40.
d6 fxe5 41. d7 Rd8 42. Rxe5 Ka7 43. Re8 Qf6 44. Rxd8 Qxd8 45. Re8 1-0

[Event "España tch 2010 Division de Honor Desc."]
[Site "Sestao ESP"]
[Date "2010.08.28"]
[Round "2.13"]
[White "Van Wely, Loek"]
[Black "Zhigalko, Sergei"]
[Result "1/2-1/2"]
[WhiteElo "2677"]
[BlackElo "2656"]
[PlyCount "111"]
[EventDate "2010.08.23"]
[EventType "team"]
[EventRounds "2"]
[EventCountry "ESP"]
[Source "lmi"]
[SourceDate "2010.08.27"]

1. d4 Nf6 2. c4 e6 3. Nc3 Bb4 4. Qc2 O-O 5. a3 Bxc3+ 6. Qxc3 d6 7. Nf3 Nbd7 8.
e3 b6 9. Be2 Bb7 10. O-O Ne4 11. Qc2 f5 12. b4 Rf6 13. Bb2 Rg6 14. Rad1 Qe7 15.
d5 c5 16. dxc6 Bxc6 17. g3 e5 18. Nd2 Ng5 19. Rfe1 Rf8 20. Bf1 h5 21. f4 Nf3+
22. Nxf3 Bxf3 23. Be2 Be4 24. Bd3 Bxd3 25. Qxd3 h4 26. Kg2 Kh7 27. e4 fxe4 28.
Qxe4 Nf6 29. Qf3 Ng4 30. Qe4 Nf6 31. Qf3 Ng4 32. Qe4 Nh6 33. c5 bxc5 34. bxc5
Nf5 35. cxd6 Nxd6 36. Rxd6 Qxd6 37. f5 Rh6 38. f6+ Kg8 39. Bxe5 Qe6 40. fxg7
h3+ 41. Kg1 Re8 42. Rf1 Qc6 43. Qxc6 Rxc6 44. Rf5 Rc1+ 45. Kf2 Rc2+ 46. Kf3
Rxh2 47. Rh5 Rxe5 48. Rxe5 Ra2 49. Re8+ Kxg7 50. Re7+ Kg6 51. Rxa7 h2 52. Ra6+
Kg7 53. Ra7+ Kg6 54. Ra6+ Kg7 55. Ra7+ Kg6 56. Ke4 1/2-1/2

[Event "España tch 2010 Division de Honor Desc."]
[Site "Sestao ESP"]
[Date "2010.08.28"]
[Round "2.14"]
[White "Zhigalko, Andrey"]
[Black "Hamdouchi, Hichem"]
[Result "1/2-1/2"]
[WhiteElo "2591"]
[BlackElo "2600"]
[PlyCount "94"]
[EventDate "2010.08.23"]
[EventType "team"]
[EventRounds "2"]
[EventCountry "ESP"]
[Source "lmi"]
[SourceDate "2010.08.27"]

1. e4 d5 2. exd5 Qxd5 3. Nc3 Qa5 4. d4 Nf6 5. Nf3 c6 6. Bd2 Bf5 7. Bc4 e6 8.
Nd5 Qd8 9. Nxf6+ gxf6 10. Qe2 Bxc2 11. O-O Bg6 12. Rfe1 Be7 13. Bh6 Qd6 14.
Rad1 Nd7 15. d5 cxd5 16. Bxd5 exd5 17. Rxd5 Qe6 18. Qd1 Be4 19. Rxe4 Qxe4 20.
Rxd7 Rg8 21. g3 Rd8 22. Rxd8+ Bxd8 23. Nd2 Qc6 24. Qe2+ Kd7 25. Qd3+ Kc8 26.
Qxh7 Re8 27. Qf5+ Kb8 28. Bf4+ Bc7 29. Bxc7+ Kxc7 30. Nf1 Re5 31. Qf4 b5 32.
Ne3 Kb7 33. h4 Rc5 34. Kh2 Rc1 35. Kh3 Qe6+ 36. Kg2 Qc6+ 37. Kh3 Rc5 38. Kh2 a5
39. a3 a4 40. Qd4 Rc1 41. Kh3 Qe6+ 42. g4 Qc6 43. Kg3 Qc7+ 44. Kf3 Qc6+ 45. Kf4
Qc7+ 46. Kf3 Qc6+ 47. Kf4 Qc7+ 1/2-1/2

[Event "España tch 2010 Division de Honor Desc."]
[Site "Sestao ESP"]
[Date "2010.08.28"]
[Round "2.15"]
[White "San Segundo Carrillo, Pablo"]
[Black "Llanes Hurtado, Miguel"]
[Result "1-0"]
[WhiteElo "2511"]
[BlackElo "2477"]
[PlyCount "69"]
[EventDate "2010.08.23"]
[EventType "team"]
[EventRounds "2"]
[EventCountry "ESP"]
[Source "lmi"]
[SourceDate "2010.08.27"]

1. d4 Nf6 2. Nf3 c5 3. d5 g6 4. c4 b5 5. cxb5 a6 6. bxa6 Bxa6 7. Nc3 d6 8. e4
Bxf1 9. Kxf1 Nbd7 10. g3 Bg7 11. Kg2 O-O 12. Re1 Qa5 13. e5 Ng4 14. exd6 exd6
15. Re4 Nge5 16. Nxe5 Nxe5 17. Bf4 Rfb8 18. Ra4 Qb6 19. Rxa8 Rxa8 20. Qe2 c4
21. Bxe5 Bxe5 22. Rd1 Qb4 23. Qc2 Qa5 24. Rd2 Rb8 25. Qe4 Bxc3 26. bxc3 Qxc3
27. Rc2 Qd3 28. Qxc4 Qd1 29. Rc1 Qd2 30. Rc2 Qd1 31. Rc1 Qd2 32. Rc3 Rb2 33.
Rf3 Rc2 34. Qb5 Kg7 35. Qb7 1-0

[Event "España tch 2010 Division de Honor Desc."]
[Site "Sestao ESP"]
[Date "2010.08.28"]
[Round "2.24"]
[White "Magem Badals, Jordi"]
[Black "Moiseenko, Alexander"]
[Result "0-1"]
[WhiteElo "2589"]
[BlackElo "2667"]
[PlyCount "112"]
[EventDate "2010.08.23"]
[EventType "team"]
[EventRounds "2"]
[EventCountry "ESP"]
[Source "lmi"]
[SourceDate "2010.08.27"]

1. e4 c5 2. Nf3 Nc6 3. d4 cxd4 4. Nxd4 Nf6 5. Nc3 e5 6. Ndb5 d6 7. Bg5 a6 8.
Na3 b5 9. Nd5 Be7 10. Bxf6 Bxf6 11. c4 b4 12. Nc2 O-O 13. Be2 Bg5 14. O-O a5
15. Qd3 Be6 16. Rfd1 Ra7 17. Bf3 Rd7 18. Qe2 g6 19. Rd3 Kh8 20. b3 Nb8 21. a3
bxa3 22. Nxa3 Na6 23. Rad1 Nc5 24. Rc3 f5 25. Nb5 Rdf7 26. exf5 Bxf5 27. Rf1
Bh6 28. Qd1 Be6 29. Bg4 Qh4 30. Rg3 Bxd5 31. Qxd5 Rxf2 32. Rxf2 Be3 33. Qxd6
Bxf2+ 34. Kh1 Qf6 35. Rf3 Qxd6 36. Nxd6 Rxf3 37. Bxf3 Nxb3 38. Nf7+ Kg7 39.
Nxe5 a4 40. Bd1 Nc5 41. Nc6 Be1 42. Bxa4 Nxa4 43. Nd4 Kf6 44. g3 Bf2 45. Ne2
Nb2 46. Nc3 Ke5 47. Kg2 Bd4 48. Nd5 Nxc4 49. Nf4 Kf5 50. h3 Be5 51. Nd3 Ke4 52.
Nf2+ Ke3 53. h4 Ke2 54. Ne4 h6 55. g4 Ne3+ 56. Kh3 Nd5 0-1

[Event "España tch 2010 Division de Honor Desc."]
[Site "Sestao ESP"]
[Date "2010.08.28"]
[Round "2.26"]
[White "Lopez Martinez, Josep"]
[Black "Romero Holmes, Alfonso"]
[Result "1/2-1/2"]
[WhiteElo "2543"]
[BlackElo "2518"]
[PlyCount "42"]
[EventDate "2010.08.23"]
[EventType "team"]
[EventRounds "2"]
[EventCountry "ESP"]
[Source "lmi"]
[SourceDate "2010.08.27"]

1. e4 c6 2. d4 d5 3. Nc3 dxe4 4. Nxe4 Nf6 5. Nxf6+ gxf6 6. c3 Bf5 7. Nf3 e6 8.
g3 Qd5 9. Bg2 Qb5 10. a4 Qd3 11. Qxd3 Bxd3 12. a5 Na6 13. Bf4 O-O-O 14. Nd2 Nc7
15. Ne4 Nd5 16. Bd2 h5 17. h4 a6 18. O-O-O Be2 19. Rde1 Bd3 20. Rd1 Be2 21.
Rde1 Bd3 1/2-1/2

[Event "España tch 2010 Division de Honor Desc."]
[Site "Sestao ESP"]
[Date "2010.08.28"]
[Round "3.22"]
[White "Kasimdzhanov, Rustam"]
[Black "Meier, Geo"]
[Result "1/2-1/2"]
[WhiteElo "2699"]
[BlackElo "2648"]
[PlyCount "54"]
[EventDate "2010.08.23"]
[EventType "team"]
[EventRounds "2"]
[EventCountry "ESP"]
[Source "lmi"]
[SourceDate "2010.08.27"]

1. e4 e6 2. d4 d5 3. Nc3 dxe4 4. Nxe4 Nd7 5. Nf3 Ngf6 6. Nxf6+ Nxf6 7. c3 c5 8.
Be3 Qc7 9. Ne5 a6 10. Qa4+ Nd7 11. O-O-O cxd4 12. Nxd7 Bxd7 13. Qxd4 Bc6 14.
Be2 Rd8 15. Qg4 h5 16. Qg5 Rd5 17. Rxd5 Bxd5 18. Rd1 g6 19. Qf6 Rh7 20. Bf3 Be7
21. Qd4 Bxf3 22. gxf3 h4 23. Bf4 Qc6 24. Qe5 Qc8 25. Qe4 Qc6 26. Qe5 Qc8 27.
Qe4 Qc6 1/2-1/2

[Event "España tch 2010 Division de Honor Desc."]
[Site "Sestao ESP"]
[Date "2010.08.28"]
[Round "3.23"]
[White "Zhigalko, Sergei"]
[Black "Van Wely, Loek"]
[Result "1/2-1/2"]
[WhiteElo "2656"]
[BlackElo "2677"]
[PlyCount "64"]
[EventDate "2010.08.23"]
[EventType "team"]
[EventRounds "2"]
[EventCountry "ESP"]
[Source "lmi"]
[SourceDate "2010.08.27"]

1. e4 c5 2. Nf3 e6 3. c3 d5 4. e5 Nc6 5. d4 Bd7 6. Be2 Nge7 7. Na3 Nf5 8. Nc2
cxd4 9. cxd4 Nb4 10. O-O Rc8 11. Nxb4 Bxb4 12. Bd3 Qb6 13. Be3 Bb5 14. Bxb5+
Qxb5 15. Qb3 a6 16. Rfc1 O-O 17. a3 Ba5 18. Qxb5 axb5 19. Kf1 Bb6 20. Ke2 f6
21. g4 Ne7 22. exf6 gxf6 23. g5 Nc6 24. gxf6 Rxf6 25. Rg1+ Rg6 26. h4 Bd8 27.
h5 Rxg1 28. Rxg1+ Kf7 29. Ne5+ Nxe5 30. dxe5 Rc4 31. Kd3 Rh4 32. b3 Rh1 1/2-1/2

[Event "España tch 2010 Division de Honor Desc."]
[Site "Sestao ESP"]
[Date "2010.08.28"]
[Round "3.24"]
[White "Hamdouchi, Hichem"]
[Black "Zhigalko, Andrey"]
[Result "1-0"]
[WhiteElo "2600"]
[BlackElo "2591"]
[PlyCount "63"]
[EventDate "2010.08.23"]
[EventType "team"]
[EventRounds "2"]
[EventCountry "ESP"]
[Source "lmi"]
[SourceDate "2010.08.27"]

1. e4 c5 2. Nf3 d6 3. d4 cxd4 4. Nxd4 Nf6 5. Nc3 a6 6. Bc4 e6 7. O-O Be7 8. Re1
O-O 9. Bb3 Nc6 10. Re3 Bd7 11. Rg3 Nxd4 12. Bh6 Ne8 13. Qxd4 Bf6 14. Qd2 Rc8
15. Rd1 Be5 16. f4 Bxc3 17. bxc3 Kh8 18. Qxd6 Rg8 19. Qxd7 Qxd7 20. Rxd7 gxh6
21. e5 Rxg3 22. hxg3 Rc7 23. Rd8 Re7 24. c4 Kg7 25. c5 Nc7 26. c4 a5 27. Rd6
Na6 28. c6 Nc5 29. Kf2 Nxb3 30. Rd7 Re8 31. c7 Rc8 32. axb3 1-0

[Event "España tch 2010 Division de Honor Desc."]
[Site "Sestao ESP"]
[Date "2010.08.28"]
[Round "3.25"]
[White "Llanes Hurtado, Miguel"]
[Black "San Segundo Carrillo, Pablo"]
[Result "1/2-1/2"]
[WhiteElo "2477"]
[BlackElo "2511"]
[PlyCount "60"]
[EventDate "2010.08.23"]
[EventType "team"]
[EventRounds "2"]
[EventCountry "ESP"]
[Source "lmi"]
[SourceDate "2010.08.27"]

1. d4 d5 2. c4 c6 3. Nf3 Nf6 4. cxd5 cxd5 5. Nc3 Nc6 6. Bf4 Bf5 7. e3 e6 8. Ne5
Nd7 9. Bb5 Ncxe5 10. Bxe5 a6 11. Bxd7+ Qxd7 12. O-O f6 13. Bg3 Bd6 14. Na4 Bxg3
15. hxg3 Qb5 16. Rc1 O-O 17. Rc5 Qd3 18. Nb6 Rad8 19. Qxd3 Bxd3 20. Rd1 Bb5 21.
a4 Rd6 22. Nc8 Bxa4 23. Ra1 Rdd8 24. Ne7+ Kf7 25. Nxd5 Rxd5 26. Rxa4 Rxc5 27.
dxc5 Rc8 28. Rb4 Rxc5 29. Rxb7+ Kg6 30. Rb6 e5 1/2-1/2

[Event "España tch 2010 Division de Honor Desc."]
[Site "Sestao ESP"]
[Date "2010.08.28"]
[Round "3.26"]
[White "Cifuentes Parada, Roberto"]
[Black "Fernandez Romero, Ern"]
[Result "1/2-1/2"]
[WhiteElo "2507"]
[BlackElo "2450"]
[PlyCount "114"]
[EventDate "2010.08.23"]
[EventType "team"]
[EventRounds "2"]
[EventCountry "ESP"]
[Source "lmi"]
[SourceDate "2010.08.27"]

1. d4 Nf6 2. Nf3 g6 3. Bg5 Bg7 4. Nbd2 O-O 5. c3 d6 6. e4 b6 7. Bd3 Bb7 8. O-O
Nbd7 9. Qc2 e5 10. dxe5 Nxe5 11. Nxe5 dxe5 12. Nc4 Qe7 13. a4 a5 14. Ne3 h6 15.
Bxf6 Bxf6 16. Bc4 Bg5 17. Nd5 Qc5 18. Qe2 Bxd5 19. Bxd5 c6 20. Bb3 Rad8 21.
Rad1 Kg7 22. g3 Rxd1 23. Rxd1 Rd8 24. h4 Rxd1+ 25. Qxd1 Be7 26. Qf3 Bf6 27. Qd3
Qe7 28. Kf1 Qd8 29. Qc4 Qd7 30. Ke2 Bd8 31. Kf3 Bc7 32. Kg2 Bd6 33. Ba2 Bc5 34.
b4 axb4 35. cxb4 Bd4 36. a5 bxa5 37. bxa5 Qa7 38. f3 Qd7 39. a6 Ba7 40. Qc3 Qd4
41. Qxd4 Bxd4 42. Bb3 Bb6 43. Ba4 c5 44. Bb3 Kf8 45. Kf1 Ke7 46. Ke2 f6 47. Kd3
Kd6 48. Kc4 g5 49. h5 Ba7 50. Ba4 Bb6 51. Be8 Ba7 52. Bf7 Kc6 53. Bd5+ Kd6 54.
Kb5 Kc7 55. Bc4 Kd6 56. Bd5 Kc7 57. Bf7 Kd6 1/2-1/2